Introduction to crop husbandry (Record no. 85795)

MARC details
000 -LEADER
fixed length control field 00472cam a2200205 4500
001 - CONTROL NUMBER
control field D6732
008 - FIXED-LENGTH DATA ELEMENTS--GENERAL INFORMATION
fixed length control field 090401t1978 xxu||||| |||| 00| 0 eng d
035 ## - SYSTEM CONTROL NUMBER
System control number (Sirsi) u2662
041 ## - LANGUAGE CODE
Language code of text/sound track or separate title eng
050 ## - LIBRARY OF CONGRESS CALL NUMBER
Classification number 633
100 ## - MAIN ENTRY--PERSONAL NAME
Personal name Lockhart, J.A.R.
245 ## - TITLE STATEMENT
Title Introduction to crop husbandry
250 ## - EDITION STATEMENT
Edition statement 4th
260 ## - PUBLICATION, DISTRIBUTION, ETC.
Place of publication, distribution, etc. Oxford
Name of publisher, distributor, etc. Pergamon Press
Date of publication, distribution, etc. 1978
300 ## - PHYSICAL DESCRIPTION
Extent xiii. 302p. 26cm
350 ## - PRICE (NR) (BK AM CF MU VM SE) [OBSOLETE]
Price 16.5
700 ## - ADDED ENTRY--PERSONAL NAME
Personal name Wiseman, A.J.L.
942 ## - ADDED ENTRY ELEMENTS (KOHA)
Suppress in OPAC 0
948 ## - LOCAL PROCESSING INFORMATION (OCLC); SERIES PART DESIGNATOR (RLIN)
c (OCLC) 04/03/1997
Holdings
Withdrawn status Lost status Source of classification or shelving scheme Damaged status Not for loan Home library Current library Shelving location Date acquired Cost, normal purchase price Total Checkouts Full call number Barcode Date last seen Date last checked out Copy number Cost, replacement price Price effective from Koha item type
    Dewey Decimal Classification     London London Books 14/09/1999 16.50 2 633 30019066 06/08/2019 14/08/2002 1 16.50 06/08/2019 Book